[Event "Rilsk"]
[Site "Rilsk"]
[Date "2017.01.26"]
[Round "12"]
[White "Dobrenko, Artur"]
[Black "Qashashvili, Alexandre"]
[Result "0-1"]
[WhiteElo "2202"]
[BlackElo "2495"]
[PlyCount "28"]
[EventDate "2017.01.20"]
[EventType "tourn"]
[EventRounds "13"]
[EventCountry "RUS"]
[EventCategory "7"]
[SourceTitle "EXT 2018"]
[Source "ChessBase"]
[SourceDate "2017.10.13"]
[SourceVersion "1"]
[SourceVersionDate "2017.10.13"]
[SourceQuality "1"]

1. e4 c5 2. Nf3 Nf6 3. Nc3 Nc6 4. d4 cxd4 5. Nxd4 e5 6. Nf3 Bb4 7. Bd2 Bxc3 8. Bxc3 Nxe4 9. Bxe5 Nxe5 10. Nxe5 Qa5+ 11. c3 Qxe5 12. Qe2 Qe6 13. 0-0-0 0-0 14. Re1 Nf6 0-1

[Event "Rilsk"]
[Site "Rilsk"]
[Date "2017.01.23"]
[Round "7"]
[White "Tishin, Petr"]
[Black "Dobrenko, Artur"]
[Result "1-0"]
[WhiteElo "2431"]
[BlackElo "2202"]
[PlyCount "87"]
[EventDate "2017.01.20"]
[EventType "tourn"]
[EventRounds "13"]
[EventCountry "RUS"]
[EventCategory "7"]
[SourceTitle "EXT 2018"]
[Source "ChessBase"]
[SourceDate "2017.10.13"]
[SourceVersion "1"]
[SourceVersionDate "2017.10.13"]
[SourceQuality "1"]

1. e4 e5 2. Nf3 Nc6 3. Bb5 a6 4. Bxc6 bxc6 5. 0-0 d6 6. d4 exd4 7. Nxd4 c5 8. Nf3 Be7 9. Nc3 c6 10. Bf4 g5 11. Be3 h5 12. Qd2 g4 13. Ne1 h4 14. Rd1 Nf6 15. e5 dxe5 16. Qxd8+ Bxd8 17. Rxd8+ Kxd8 18. Bg5 Ke7 19. Ne4 Bf5 20. Nxf6 Ke6 21. f3 g3 22. Nd3 Bxd3 23. cxd3 Rad8 24. Ne4 Rd5 25. hxg3 hxg3 26. Rc1 f5 27. Nxc5+ Kf7 28. Nxa6 Rh5 29. Nb4 Rxg5 30. Nxd5 cxd5 31. b4 Ke6 32. b5 Rg8 33. a4 Ra8 34. Ra1 Kd7 35. a5 Kc7 36. Kf1 f4 37. Ke2 Rh8 38. Kd2 Rh2 39. b6+ Kb8 40. a6 Rxg2+ 41. Kc3 d4+ 42. Kb3 e4 43. a7+ Ka8 44. b7+ 1-0

[Event "Tula Region-ch op"]
[Site "Tula"]
[Date "2008.08.08"]
[Round "8"]
[White "Dobrenko, Artur"]
[Black "Aleshin, Nikolay"]
[Result "1-0"]
[WhiteElo "2278"]
[BlackElo "2342"]
[PlyCount "115"]
[EventDate "2008.08.01"]
[EventType "swiss"]
[EventRounds "9"]
[EventCountry "RUS"]
[SourceTitle "EXT 2022"]
[Source "ChessBase"]
[SourceDate "2021.10.06"]
[SourceVersion "1"]
[SourceVersionDate "2021.10.06"]
[SourceQuality "1"]

1. c4 c5 2. Nc3 Nc6 3. g3 g6 4. Bg2 Bg7 5. e4 e5 6. Nge2 Nge7 7. 0-0 0-0 8. d3 d6 9. h3 Bd7 10. Rb1 a5 11. f4 f5 12. exf5 gxf5 13. Nd5 Nxd5 14. Bxd5+ Kh8 15. Be3 b6 16. Nc3 Rb8 17. Bg2 Ne7 18. Qd2 Qe8 19. Rbe1 Qg6 20. Kh2 Ng8 21. Nd5 Bc6 22. a3 Bxd5 23. Bxd5 Nf6 24. Bf3 Nh5 25. Rg1 Rbe8 26. Qd1 Nf6 27. Qb3 Rb8 28. Bd2 Rfe8 29. Bc3 e4 30. dxe4 fxe4 31. Bd1 Qf7 32. Rg2 b5 33. cxb5 d5 34. Be5 Rxe5 35. fxe5 c4 36. Qe3 Nd7 37. Qa7 Bxe5 38. Bg4 Rd8 39. Qxa5 Qe7 40. Qb4 Bd6 41. Qd2 Ne5 42. Bd1 Bc5 43. Rf1 e3 44. Qc2 d4 45. Qe4 d3 46. Rf5 Re8 47. a4 Nd7 48. Qxe7 Rxe7 49. Be2 Bb4 50. Rf4 Ne5 51. b6 Ba5 52. Rf6 Nd7 53. b7 Bc7 54. Rc6 Nb8 55. Rxc4 dxe2 56. Rxe2 Bd6 57. Rc3 Rxb7 58. Rcxe3 1-0

[Event "Tula Region-ch op"]
[Site "Tula"]
[Date "2008.08.06"]
[Round "6"]
[White "Morozov, Aleksei"]
[Black "Dobrenko, Artur"]
[Result "0-1"]
[WhiteElo "2275"]
[BlackElo "2278"]
[PlyCount "44"]
[EventDate "2008.08.01"]
[EventType "swiss"]
[EventRounds "9"]
[EventCountry "RUS"]
[SourceTitle "EXT 2022"]
[Source "ChessBase"]
[SourceDate "2021.10.06"]
[SourceVersion "1"]
[SourceVersionDate "2021.10.06"]
[SourceQuality "1"]

1. e4 d6 2. d4 Nf6 3. Nf3 g6 4. Bg5 c6 5. Qd2 b5 6. Bd3 Nbd7 7. Nc3 Bg7 8. e5 dxe5 9. dxe5 Ng4 10. Be4 Qb6 11. Nd4 Ngxe5 12. 0-0-0 0-0 13. b3 f5 14. Nd5 Qa6 15. a4 fxe4 16. Nc7 Qb7 17. Nxa8 Nc5 18. Nxb5 Ncd3+ 19. Kb1 cxb5 20. f4 Nc4 21. Qe2 Na3+ 22. Ka2 Nxc2 0-1